| 000 | 00414nam a22001697a 4500 | ||
|---|---|---|---|
| 005 | 20160627094124.0 | ||
| 008 | 160627b xxu||||| |||| 00| 0 eng d | ||
| 020 | _a0-304-70196-3 | ||
| 041 | _aeng | ||
| 082 | _b10339 | ||
| 100 |
_athomas, Rhodhi _92843 |
||
| 245 | _aThe Management of Small Tourisum & Hospitality Firms | ||
| 260 |
_bCassell _c1998 |
||
| 300 | _a216 | ||
| 650 |
_aManagement _9241 |
||
| 942 | _cBK | ||
| 999 |
_c4112 _d4111 |
||